[Event "2ème Open International de Haute-Bretagn"]
[Site "RENNES ; FRANCE"]
[Date "2009.07.15"]
[Round "1.53"]
[White "Michelutti, Enzo"]
[Black "Le Marec, Laura"]
[Result "0-1"]
[WhiteElo "1200"]
[BlackElo "1550"]
[PlyCount "46"]
[EventDate "2009.??.??"]

1. e4 e5 2. Nf3 d6 3. Nc3 Be7 4. d3 Nf6 5. d4 exd4 6. Nxd4 O-O 7. Bc4 c6 8. O-O
Bg4 9. f3 Bh5 10. Nf5 b5 11. Bb3 b4 12. Na4 Re8 13. Re1 Bf8 14. Bf4 d5 15. c3
dxe4 16. Qxd8 Rxd8 17. fxe4 bxc3 18. Nxc3 Bc5+ 19. Kh1 Ng4 20. Nd1 Rxd1 21. Be3
Rxa1 22. Bxc5 Rxe1+ 23. Bg1 Nf2# 0-1

[Event "2ème Open International de Haute-Bretagn"]
[Site "RENNES ; FRANCE"]
[Date "2009.07.15"]
[Round "1.52"]
[White "Belouassa, Aurelien"]
[Black "Le Poitevin Dubost, Cyriac"]
[Result "1-0"]
[WhiteElo "1550"]
[BlackElo "1270"]
[PlyCount "79"]
[EventDate "2009.??.??"]

1. e4 e5 2. Nf3 Nc6 3. Bc4 h6 4. O-O d6 5. c3 Bg4 6. h3 Bh5 7. d3 Qf6 8. Nbd2
Nge7 9. Qb3 Na5 10. Qa4+ Nec6 11. Bb5 a6 12. Qxa5 Qd8 13. Bxc6+ bxc6 14. d4
Bxf3 15. Nxf3 d5 16. Re1 exd4 17. Nxd4 Qe7 18. Bf4 dxe4 19. f3 f5 20. Nxf5 Qf6
21. Rxe4+ Kf7 22. Qxc7+ Kg8 23. Qe5 Qd8 24. Qe6+ Kh7 25. Rd4 Bc5 26. Be3 Bxd4
27. Bxd4 Qf8 28. Bxg7 Re8 29. Qxh6+ Kg8 30. Qxh8+ Kf7 31. Bxf8 Rxf8 32. Qg7+
Ke6 33. Qxf8 c5 34. Qe7+ Kd5 35. Rd1+ Kc4 36. b3+ Kb5 37. a4+ Kb6 38. a5+ Kb5
39. Nd6+ Kc6 40. Qb7# 1-0

[Event "2ème Open International de Haute-Bretagn"]
[Site "RENNES ; FRANCE"]
[Date "2009.07.15"]
[Round "1.51"]
[White "Guichard, Claude"]
[Black "Madeline, Paul"]
[Result "0-1"]
[WhiteElo "1280"]
[BlackElo "1579"]
[PlyCount "48"]
[EventDate "2009.??.??"]

1. e4 e6 2. d4 d5 3. Nc3 Nc6 4. Bb5 a6 5. Ba4 b5 6. Bb3 dxe4 7. Nce2 e5 8. Bd5
Qxd5 9. Be3 Bg4 10. h3 Bxe2 11. Nxe2 Rd8 12. Nc3 Qc4 13. d5 Nb4 14. a3 Nxd5 15.
Qh5 Nxc3 16. Qxe5+ Be7 17. bxc3 Rd5 18. Qxg7 Bf6 19. Qg4 Bxc3+ 20. Bd2 Bxd2+
21. Kd1 Bh6+ 22. Ke1 Qc3+ 23. Kf1 Qxa1+ 24. Ke2 Rd2# 0-1

[Event "2ème Open International de Haute-Bretagn"]
[Site "RENNES ; FRANCE"]
[Date "2009.07.15"]
[Round "1.50"]
[White "Francois, Yann"]
[Black "Thomas, Jeannine"]
[Result "1-0"]
[WhiteElo "1580"]
[BlackElo "1310"]
[PlyCount "117"]
[EventDate "2009.??.??"]

1. Nf3 c5 2. e3 Nc6 3. c4 Nf6 4. b3 e5 5. Bb2 Qc7 6. d3 d6 7. Be2 Be7 8. O-O
O-O 9. a3 Rd8 10. Qc2 b6 11. Nc3 a6 12. Nd5 Nxd5 13. cxd5 Na7 14. e4 Bg4 15.
Bc1 Bxf3 16. Bxf3 Nb5 17. Be3 Rac8 18. Qd2 Bf6 19. Bg4 Rb8 20. a4 Na7 21. Rac1
Qe7 22. Kh1 Nc8 23. f4 Qf8 24. f5 Qe7 25. Qe2 b5 26. a5 Qc7 27. Qd2 Qe7 28. Rf3
Kf8 29. Rh3 Ke8 30. Rh5 h6 31. Rh3 Bg5 32. Rf3 f6 33. Bxg5 hxg5 34. Rh3 Kd7 35.
b4 Kc7 36. Qc3 Kd7 37. Rh7 Rg8 38. Qa3 Na7 39. bxc5 dxc5 40. Rxc5 Qd6 41. Qc3
b4 42. Qc4 b3 43. Qa4+ Rb5 44. Rxb5 Nxb5 45. Qxb3 Qa3 46. Qc2 Nc3 47. h3 Qxa5
48. Qb3 Nb5 49. d6 Qd8 50. Qe6+ Kc6 51. Qd5+ Kb6 52. d7 Nc7 53. Qd6+ Kb7 54.
Bd1 Nb5 55. Qd5+ Kc7 56. Bb3 Nd6 57. Qxg8 Qxg8 58. Bxg8 Kxd7 59. Rxg7+ 1-0

[Event "2ème Open International de Haute-Bretagn"]
[Site "RENNES ; FRANCE"]
[Date "2009.07.15"]
[Round "1.49"]
[White "Guyader, Ronan"]
[Black "Roussel, Yanis"]
[Result "1/2-1/2"]
[WhiteElo "1330"]
[BlackElo "1586"]
[PlyCount "44"]
[EventDate "2009.??.??"]

1. e4 e5 2. Nf3 Nc6 3. Bb5 a6 4. Bxc6 dxc6 5. O-O Bg4 6. d3 Qf6 7. h3 h5 8. Be3
Ne7 9. Nbd2 Ng6 10. Qe1 Nf4 11. Bxf4 Qxf4 12. Qe3 Qxe3 13. fxe3 Bc5 14. d4 Bxf3
15. dxc5 Be2 16. Rf2 Bg4 17. hxg4 hxg4 18. Rd1 Ke7 19. Nc4 f6 20. g3 Rh3 21.
Rdd2 Rah8 22. Rh2 Rxg3+ {(=)} 1/2-1/2

[Event "2ème Open International de Haute-Bretagn"]
[Site "RENNES ; FRANCE"]
[Date "2009.07.15"]
[Round "1.48"]
[White "Mercier, Franck"]
[Black "Cheval, Thierry"]
[Result "1-0"]
[WhiteElo "1623"]
[BlackElo "1330"]
[PlyCount "61"]
[EventDate "2009.??.??"]

1. e4 e5 2. Nf3 Nc6 3. d4 exd4 4. Nxd4 d5 5. Bb5 Qd6 6. Nc3 Nf6 7. exd5 Nxd5 8.
Nxd5 Qxd5 9. Nxc6 Qxd1+ 10. Kxd1 a6 11. Re1+ Be6 12. Nd4+ axb5 13. Nxe6 fxe6
14. Rxe6+ Kf7 15. Re4 Bd6 16. h3 Rad8 17. Ke2 Rhe8 18. f3 Rxe4+ 19. fxe4 Re8
20. Ke3 c5 21. Bd2 Kg8 22. Rf1 b4 23. c3 b5 24. a3 bxa3 25. bxa3 c4 26. Rf5 Rb8
27. Bc1 h6 28. Kd4 Ra8 29. Rxb5 Bxa3 30. Bf4 Rc8 31. Rb8 1-0

[Event "2ème Open International de Haute-Bretagn"]
[Site "RENNES ; FRANCE"]
[Date "2009.07.15"]
[Round "1.47"]
[White "Payoux, Tanguy"]
[Black "Liauzu, Serge"]
[Result "0-1"]
[WhiteElo "1340"]
[BlackElo "1643"]
[PlyCount "132"]
[EventDate "2009.??.??"]

1. e4 d6 2. Nc3 Nf6 3. f4 c6 4. Nf3 Bg4 5. Be2 e6 6. h3 Bxf3 7. Bxf3 Be7 8. Qe2
Nbd7 9. d4 Qb6 10. Qc4 d5 11. exd5 cxd5 12. Qa4 Rc8 13. Be2 a6 14. Bd3 Qc7 15.
Bd2 Qd6 16. Ne2 b5 17. Qa5 Ne4 18. Bxe4 dxe4 19. c3 f5 20. a4 Bd8 21. Qb4 Qxb4
22. cxb4 Nf6 23. axb5 axb5 24. Nc3 Rb8 25. O-O Be7 26. Ne2 Nd5 27. g4 Nxb4 28.
Bxb4 Bxb4 29. gxf5 exf5 30. Nc3 g6 31. h4 Be7 32. h5 Rd8 33. h6 Rxd4 34. Ra8+
Rd8 35. Rfa1 Rxa8 36. Rxa8+ Bd8 37. Rb8 O-O 38. Rxb5 Bc7 39. Ne2 Rb8 40. Rxb8+
Bxb8 41. Kf2 Kf7 42. Ke3 Ke6 43. Kd4 Kd6 44. Kc4 Kc6 45. b4 Bd6 46. Nd4+ Kb6
47. Ne6 Be7 48. Ng5 Bf8 49. Nxh7 Bxh6 50. Ng5 Bxg5 51. fxg5 Kc6 52. b5+ Kb6 53.
Kb4 e3 54. Kc3 Kxb5 55. Kd3 f4 56. Ke2 Kc4 57. Ke1 f3 58. Kd1 Kd3 59. Ke1 f2+
60. Kf1 Kd2 61. Kg2 Ke2 62. Kg3 f1=Q 63. Kh2 Qf4+ 64. Kh3 Qxg5 65. Kh2 Kf2 66.
Kh1 Qg2# 0-1

[Event "2ème Open International de Haute-Bretagn"]
[Site "RENNES ; FRANCE"]
[Date "2009.07.15"]
[Round "1.46"]
[White "Madeline, Nicolas"]
[Black "Louchouarn, Renan"]
[Result "1-0"]
[WhiteElo "1653"]
[BlackElo "1380"]
[PlyCount "97"]
[EventDate "2009.??.??"]

1. e4 c5 2. Nc3 d6 3. g3 g6 4. Bg2 Bg7 5. d3 Nf6 6. h3 Nc6 7. Be3 e5 8. Qd2 Qb6
9. Rb1 O-O 10. b4 Nd4 11. bxc5 Qxc5 12. Nge2 a6 13. O-O Nd7 14. Rfc1 Nb8 15.
Kf1 Qa5 16. Nd5 Qxd2 17. Bxd2 Nxe2 18. Kxe2 Nc6 19. Be3 b5 20. c4 Rb8 21. cxb5
Nd4+ 22. Bxd4 exd4 23. bxa6 Rxb1 24. Ne7+ Kh8 25. Rxb1 Bxa6 26. Rb6 Bf6 27.
Nxg6+ fxg6 28. Rxa6 Rb8 29. Rxd6 Rb2+ 30. Kf3 Kg7 31. Rd7+ Kf8 32. a4 Rd2 33.
Bf1 Ra2 34. Ra7 Ke8 35. a5 Kd8 36. a6 Kc8 37. Ra8+ Kc7 38. a7 Kb7 39. Rf8 Bg7
40. Rf7+ Kb6 41. Rxg7 h5 42. Bg2 g5 43. e5 Ra5 44. e6 Rf5+ 45. Ke4 Ra5 46. Kxd4
Ra4+ 47. Ke3 Kc5 48. a8=Q Rxa8 49. Bxa8 1-0

[Event "2ème Open International de Haute-Bretagn"]
[Site "RENNES ; FRANCE"]
[Date "2009.07.15"]
[Round "1.45"]
[White "Lieutaud, Marcel"]
[Black "Danet, Claude"]
[Result "0-1"]
[WhiteElo "1390"]
[BlackElo "1660"]
[PlyCount "66"]
[EventDate "2009.??.??"]

1. d4 d5 2. c4 e6 3. Nf3 Nf6 4. Nc3 Be7 5. Bg5 O-O 6. e3 dxc4 7. Bxc4 Nbd7 8.
Rc1 a6 9. O-O b5 10. Bd3 Bb7 11. a3 c5 12. dxc5 Nxc5 13. Be2 Nce4 14. Qxd8
Raxd8 15. Nxe4 Bxe4 16. Rfd1 h6 17. Bh4 g5 18. Bg3 Bd5 19. Rc7 Bd6 20. Bxd6
Rxd6 21. Ne5 Rdd8 22. Ng4 Nxg4 23. Bxg4 Rc8 24. Rdc1 Rcd8 25. Kf1 Bb3 26. Be2
Rd2 27. Ra7 Rd6 28. Bf3 Rfd8 29. g3 Bc4+ 30. Kg2 f5 31. Rc2 g4 32. Be2 Rc8 33.
b3 Bd5+ 0-1

[Event "2ème Open International de Haute-Bretagn"]
[Site "RENNES ; FRANCE"]
[Date "2009.07.15"]
[Round "1.44"]
[White "Geffroy, Leo"]
[Black "Glory, Alain"]
[Result "1-0"]
[WhiteElo "1662"]
[BlackElo "1430"]
[PlyCount "71"]
[EventDate "2009.??.??"]

1. e4 e5 2. f4 Bc5 3. Nf3 d6 4. Bc4 Bg4 5. fxe5 dxe5 6. Bxf7+ Ke7 7. Bxg8 Rxg8
8. d3 g5 9. Nc3 c6 10. Bd2 Nd7 11. Qe2 Qc7 12. Na4 Bxf3 13. gxf3 Bd6 14. Qg2
Raf8 15. Nc3 g4 16. fxg4 Bc5 17. O-O-O Rf2 18. Qh3 Nf6 19. g5 Ne8 20. Qxh7+ Rg7
21. Qh3 Kd8 22. Rdf1 Rh7 23. Qg3 Rhxh2 24. Rxh2 Rxf1+ 25. Nd1 Rg1 26. Rg2 Rf1
27. g6 Ng7 28. Qh4+ Kc8 29. Rf2 Bxf2 30. Qh3+ Qd7 31. Qxf1 Bg3 32. Qf8+ Kc7 33.
Bh6 Bf4+ 34. Bxf4 exf4 35. Qxf4+ Kc8 36. Ne3 1-0

[Event "2ème Open International de Haute-Bretagn"]
[Site "RENNES ; FRANCE"]
[Date "2009.07.15"]
[Round "1.43"]
[White "Payoux, Auriane"]
[Black "Delpit, Wilfried"]
[Result "0-1"]
[WhiteElo "1460"]
[BlackElo "1664"]
[PlyCount "66"]
[EventDate "2009.??.??"]

1. e4 c5 2. Nc3 d6 3. Bc4 Nf6 4. Nf3 Nc6 5. d4 cxd4 6. Nxd4 g6 7. Nde2 Bg7 8.
Ng3 a6 9. Bg5 b5 10. Bxf6 Bxf6 11. Bb3 Bb7 12. Qd2 Rc8 13. Rd1 Ne5 14. O-O Nc4
15. Qc1 O-O 16. Rfe1 Nxb2 17. Nd5 Nxd1 18. Nxf6+ exf6 19. Rxd1 Qc7 20. Rd2 Qb6
21. Qb2 Qa5 22. Nf1 Qc3 23. Qc1 Rfd8 24. Ne3 Bxe4 25. Ng4 Kg7 26. Rd1 g5 27. h4
Qc5 28. Qb2 Qc3 29. Qc1 h6 30. Bxf7 Qxc2 31. Qe3 Qxd1+ 32. Kh2 Qxg4 33. Qa7
Qxg2# 0-1